[Event "Ille et Vilaine-ch 1112"]
[Site "Ile et Vilaine"]
[Date "2012.01.28"]
[Round "5.22"]
[White "Marchais, Antoine"]
[Black "Lepage, Michel"]
[Result "1/2-1/2"]
[WhiteElo "1450"]
[BlackElo "1560"]
[PlyCount "63"]
[EventDate "2012.10.??"]
[EventType "swiss"]
[EventRounds "7"]
[EventCountry "FRA"]
[SourceTitle "EXT 2014"]
[Source "ChessBase"]
[SourceDate "2013.11.20"]
[SourceVersion "1"]
[SourceVersionDate "2013.11.20"]
[SourceQuality "1"]

1. e4 e5 2. Nf3 d6 3. Bc4 a6 4. a4 b6 5. Nc3 c6 6. 0-0 h6 7. b3 Ne7 8. Bb2 Ng6 9. d4 Nd7 10. d5 Bb7 11. Ba3 c5 12. h3 Be7 13. Qd3 0-0 14. Nd2 Bg5 15. Rfb1 h5 16. b4 Qf6 17. Nf3 Nf4 18. Qf1 Qg6 19. g3 Bf6 20. Kh2 Qh6 21. bxc5 dxc5 22. Bc1 g5 23. gxf4 exf4 24. Ra3 g4 25. Qg2 Kh8 26. Ng1 Rg8 27. Nce2 Be5 28. Kh1 Qd6 29. f3 g3 30. Bd2 Rg6 31. Nc3 Qf6 32. Nge2 1/2-1/2

[Event "Ille et Vilaine-ch 1112"]
[Site "Ile et Vilaine"]
[Date "2011.10.08"]
[Round "1.9"]
[White "Lepage, Michel"]
[Black "Barbier, Patrick"]
[Result "0-1"]
[WhiteElo "1520"]
[BlackElo "1730"]
[PlyCount "22"]
[EventDate "2012.10.??"]
[EventType "swiss"]
[EventRounds "7"]
[EventCountry "FRA"]
[SourceTitle "EXT 2014"]
[Source "ChessBase"]
[SourceDate "2013.11.20"]
[SourceVersion "1"]
[SourceVersionDate "2013.11.20"]
[SourceQuality "1"]

1. e4 c5 2. Ne2 d6 3. Ng3 Nf6 4. d3 g6 5. Be2 Bg7 6. c3 Nc6 7. f3 0-0 8. 0-0 a6 9. f4 b5 10. a3 Rb8 11. Nd2 Nd7 0-1

[Event "FRA-chT4 0506"]
[Site "Bretagne"]
[Date "2005.10.16"]
[Round "1"]
[White "Sibille, Herve"]
[Black "Lepage, Michel"]
[Result "1-0"]
[WhiteElo "1660"]
[BlackElo "1520"]
[PlyCount "85"]
[EventDate "2005.10.16"]
[EventType "team"]
[EventRounds "7"]
[EventCountry "FRA"]
[SourceTitle "EXT 2007"]
[Source "ChessBase"]
[SourceDate "2006.11.23"]
[SourceVersion "1"]
[SourceVersionDate "2006.11.23"]
[SourceQuality "1"]

1. d4 d5 2. c4 e6 3. Nc3 Be7 4. Nf3 Bd7 5. cxd5 exd5 6. Nxd5 Bd6 7. e4 c6 8. Nc3 Ne7 9. e5 Bc7 10. h3 0-0 11. Bc4 b5 12. Bb3 Na6 13. a3 Kh8 14. Qc2 Bf5 15. Qd1 Qe8 16. 0-0 Rd8 17. Bc2 Bg6 18. Bxg6 fxg6 19. Ng5 Nf5 20. Be3 Bxe5 21. Nf3 Bc7 22. Re1 Qd7 23. Bg5 Rde8 24. Rxe8 Rxe8 25. g4 h6 26. Bc1 Nd6 27. Ne5 Qe6 28. Qf3 Nb8 29. Be3 c5 30. Nc6 Bb6 31. dxc5 Nxc6 32. Qxc6 h5 33. Qxd6 Qxd6 34. cxd6 Bxe3 35. fxe3 a6 36. Rd1 Rd8 37. e4 Kg8 38. e5 Kf7 39. gxh5 gxh5 40. Na2 Ke6 41. Re1 Re8 42. Nb4 a5 43. Nc6 1-0

[Event "FRA-chT 0304 Regionale"]
[Site "Bretagne "]
[Date "2004.01.18"]
[Round "4"]
[White "Attinost, Marc"]
[Black "Lepage, Michel"]
[Result "1-0"]
[WhiteElo "1540"]
[BlackElo "1520"]
[PlyCount "59"]
[EventDate "2003.01.16"]
[EventType "team"]
[EventRounds "7"]
[EventCountry "FRA"]
[SourceTitle "EXT 2007"]
[Source "ChessBase"]
[SourceDate "2006.11.23"]
[SourceVersion "1"]
[SourceVersionDate "2006.11.23"]
[SourceQuality "1"]

1. e4 e5 2. Nf3 d6 3. Bc4 a5 4. c3 h6 5. d4 Nd7 6. dxe5 dxe5 7. Bxf7+ Kxf7 8. Nxe5+ Kf6 9. Bf4 Be7 10. Qd5 Nxe5 11. Qxe5+ Kf7 12. Qxc7 Qxc7 13. Bxc7 Nf6 14. Nd2 Re8 15. f3 Nd7 16. 0-0-0 b6 17. Nc4 Bc5 18. Rhe1 Re6 19. Nd6+ Bxd6 20. Bxd6 b5 21. e5 g5 22. Rd5 Ba6 23. Bc7 Nb6 24. Rd6 Rxd6 25. exd6 Nd7 26. Re7+ Kf8 27. Rxd7 Re8 28. Kd2 a4 29. Rh7 Bb7 30. d7 1-0

[Event "FRA-chT4 0203"]
[Site "Bretagne"]
[Date "2003.02.02"]
[Round "5"]
[White "Dupitier, Mickael"]
[Black "Lepage, Michel"]
[Result "1-0"]
[WhiteElo "1560"]
[BlackElo "1540"]
[PlyCount "53"]
[EventDate "2002.10.??"]
[EventType "team"]
[EventRounds "7"]
[EventCountry "FRA"]
[SourceTitle "EXT 2007"]
[Source "ChessBase"]
[SourceDate "2006.11.23"]
[SourceVersion "1"]
[SourceVersionDate "2006.11.23"]
[SourceQuality "1"]

1. e4 e5 2. Nf3 d6 3. d4 exd4 4. Nxd4 Ne7 5. c4 Ng6 6. Be2 Be7 7. 0-0 0-0 8. Nc3 c6 9. b3 Nd7 10. Nf5 Nb6 11. Nxe7+ Qxe7 12. Ba3 Rd8 13. Qd2 a6 14. Rad1 Be6 15. Qe3 c5 16. Rd2 h6 17. Rfd1 Rac8 18. f4 Nf8 19. Qg3 f5 20. Bd3 Qf6 21. Bb2 g6 22. Nd5 Qf7 23. Nxb6 Rc6 24. Nd5 Nh7 25. exf5 Bxf5 26. Bxf5 Qxf5 27. Ne7+ 1-0

[Event "FRA-chT4 0001"]
[Site "Bretagne"]
[Date "2000.10.15"]
[Round "1"]
[White "Le Ny, Jean Jacques"]
[Black "Lepage, Michel"]
[Result "1-0"]
[WhiteElo "1530"]
[BlackElo "1570"]
[PlyCount "64"]
[EventDate "2000.10.??"]
[EventType "team"]
[EventRounds "7"]
[EventCountry "FRA"]
[SourceTitle "EXT 2005"]
[Source "ChessBase"]
[SourceDate "2004.11.15"]
[SourceVersion "1"]
[SourceVersionDate "2004.11.15"]
[SourceQuality "1"]

1. e4 c5 2. Nf3 e6 3. c3 d6 4. d4 cxd4 5. cxd4 Be7 6. Nc3 Bd7 7. Bd3 Nf6 8. 0-0 0-0 9. h3 a6 10. Be3 Bc6 11. d5 exd5 12. exd5 Bd7 13. Rc1 Kh8 14. Qc2 g6 15. Bh6 Rg8 16. Ng5 Be8 17. Rfe1 Nbd7 18. Qe2 Bf8 19. Qxe8 Bxh6 20. Nxf7+ Kg7 21. Qxd8 Raxd8 22. Nxd8 Bxc1 23. Ne6+ Kf7 24. Rxc1 Ne5 25. Bf1 Rc8 26. f4 Ned7 27. Re1 h6 28. g4 b5 29. Bg2 Nb6 30. Rd1 Nc4 31. b3 Ne3 32. Rd3 Nc2 1-0